[Event "TCh-NED 2009-10"]
[Site "Netherlands NED"]
[Date "2009.09.26"]
[Round "1"]
[White "Willemze,T"]
[Black "Roobol,M"]
[Result "1-0"]
[WhiteElo "2391"]
[BlackElo "2328"]

1.e4 g6 2.d4 Bg7 3.Nc3 d6 4.Be3 a6 5.Qd2 Nd7 6.f3 b5 7.h4 h6 8.a4 b4 9.Nd1 a5
10.Ne2 Ba6 11.h5 g5 12.Ng3 Bxf1 13.Rxf1 e6 14.Nf2 Nb6 15.Qd3 Qd7 16.Qb3 Ne7
17.d5 exd5 18.Bxb6 cxb6 19.O-O-O O-O 20.Nf5 Nxf5 21.exf5 d4 22.Ng4 Qxf5 23.Rxd4 Rfe8
24.Rd5 Qf4+ 25.Kb1 Re2 26.Rfd1 Rc8 27.g3 Qc4 28.Qxc4 Rxc4 29.R5d2 Rxd2 30.Rxd2 Bf8
31.Nf6+ Kg7 32.Nd5 Rc6 33.g4 f6 34.Ka2 Kf7 35.Kb3 Ke6 36.c4 bxc3 37.bxc3 f5
38.c4 fxg4 39.fxg4 Bg7 40.Ne3 Bf8 41.Re2 Rc8 42.Nd5+ Kf7 43.Rf2+ Kg8 44.Kc3 Bg7+
45.Kd3 Re8 46.Rf1 Be5 47.Rb1 Rb8 48.Ke4 Kf7 49.c5 Ke6 50.c6 Bf4 51.Rb2 Kf7
52.c7 Re8+ 53.Kd3 Rc8 54.Rc2 Ke6 55.Nxb6  1-0

[Event "74th ch-ESP Absoluto"]
[Site "Palma de Mallorca ESP"]
[Date "2009.09.26"]
[Round "1"]
[White "Moya Albaladejo,J"]
[Black "Vassallo Barroche,M"]
[Result "0-1"]
[WhiteElo "1959"]
[BlackElo "2411"]

1.e4 g6 2.d4 Bg7 3.Nc3 d6 4.f4 a6 5.Nf3 b5 6.Bd3 Nd7 7.O-O c5 8.Be3 Ngf6
9.e5 Ng4 10.Bd2 cxd4 11.Nxd4 Qb6 12.Qxg4 Qxd4+ 13.Kh1 Nxe5 14.Qe2 Nxd3 15.cxd3 O-O
16.Qxe7 Qxd3 17.Be3 Bg4 18.Bg1 Rfe8 19.Qh4 Be2 20.Nxe2 Rxe2 21.Rad1 Qe4 22.Rf2 Re1
23.Rfd2 Rxd1 24.Rxd1 d5 25.b3 Rc8 26.Qf2 d4 27.h3 Rc2 28.Rd2 d3 29.Qe3 Qxe3
30.Bxe3 Rxd2 31.Bxd2 Bd4 32.g4 b4  0-1

[Event "TCh-ISL 2009-10"]
[Site "Rekjavik ISL"]
[Date "2009.09.26"]
[Round "2"]
[White "Olafsson,Thorv"]
[Black "Johannesson,I"]
[Result "1/2-1/2"]
[WhiteElo "2211"]
[BlackElo "2323"]

1.e4 g6 2.d4 Bg7 3.Nc3 d6 4.Nge2 Nd7 5.g3 Ngf6 6.Bg2 O-O 7.O-O c5 8.h3 cxd4
9.Nxd4 a6 10.Nd5 e5 11.Ne2 Nxd5 12.Qxd5 Nb6 13.Qa5 Be6 14.Be3 Nc4 15.Qxd8 Rfxd8
16.Bg5 Rdc8 17.b3 h6 18.Bc1 Nb6 19.c4 Nd7 20.Ba3 Bf8 21.Rfd1 Nc5 22.Nc3 Rab8
23.Bxc5 Rxc5 24.a4 Kg7 25.Bf1 Rc6 26.Nd5 Bxd5 27.Rxd5 Rbc8 28.Rad1 Kf6 29.Kg2 Ke7
30.f4 f6 31.c5 Kd7 32.b4 Kc7 33.cxd6+ Bxd6 34.b5 axb5 35.fxe5 Bxe5 36.Bxb5 Rc2+
37.R1d2 Kb6 38.Rxc2 Rxc2+ 39.Kf3 Rh2 40.Bd7 Rh1 41.Rd3 Kc5 42.Kg2 Rb1 43.Rd5+ Kc4
44.Bb5+ Kb4 45.Rd3 b6 46.h4 Re1 47.Kf3 Rc1 48.Kf2 Rc2+ 49.Kf3 Rc8 50.Kg4 h5+
51.Kf3 Rg8 52.Bc6 g5 53.hxg5 Rxg5 54.Kf2 Kc5 55.Bd7 Kc4 56.Bb5+ Kb4 57.Bd7 Kc5
58.Rf3 Kd4 59.Rf5 Bxg3+ 60.Kf3 Be5 61.Rxg5 fxg5 62.Be8 g4+ 63.Ke2 h4 64.Bd7 h3
65.Bxg4 h2 66.Bf3 Kc4 67.Kf2 Kb4 68.Kg2 Kxa4 69.Be2 Kb4 70.Kh1 Kc3 71.Ba6 Kd4
72.Bf1 Kc3 73.Ba6 Kb2 74.Bf1 Ka1 75.Ba6 Kb2 76.Bf1 Ka1 77.Ba6 Kb2  1/2-1/2

[Event "18th TCh-CRO b"]
[Site "Sibenik CRO"]
[Date "2009.09.28"]
[Round "8"]
[White "Jakic,I"]
[Black "Tomerlin,S"]
[Result "1-0"]
[WhiteElo "2406"]
[BlackElo "2313"]

1.e4 g6 2.d4 d6 3.Nc3 Bg7 4.f4 Nf6 5.Nf3 O-O 6.Bd3 Nc6 7.O-O e5 8.dxe5 dxe5
9.f5 Nb4 10.fxg6 hxg6 11.Bg5 Nxd3 12.cxd3 c6 13.Kh1 Qe7 14.Qe1 Qe6 15.Qh4 Nh7
16.h3 b6 17.Nh2 Nxg5 18.Qxg5 Ba6 19.Rf3 Rad8 20.Rd1 f5 21.h4 Qf6 22.Qxf6 Rxf6
23.Kg1 fxe4 24.dxe4 Rxd1+ 25.Nxd1 Rd6 26.Nc3 Bc8 27.Rf1 Rd2 28.Rd1 Rxd1+
29.Nxd1 Kf7 30.Kf2 Bf8 31.Nf3 Bc5+ 32.Ke2 Kf6 33.Ne3 Be6 34.a3 a5 35.g4 Bd4
36.g5+ Ke7 37.b4 Kd6 38.Kd3 Bb2 39.bxa5 bxa5 40.Nd2 Kc5 41.Nec4 Bd4 42.Nxa5 Bf2
43.Nf3 Bg3 44.Kc3 Bg4 45.Nb3+ Kb5 46.Nbd2 Be6 47.Nb3 Bg4 48.Nbd2 Be6 49.a4+ Kc5
50.a5 Bf4 51.a6 Kb6 52.Nc4+ Bxc4 53.Kxc4 Kxa6 54.Kc5 Kb7 55.Kd6 Kb6 56.Nxe5 Kb5
57.Ke6 c5 58.Nxg6 Bg3 59.h5 c4 60.h6 c3 61.h7 c2 62.h8=Q c1=Q 63.Qe8+ Kb6
64.Qd8+ Bc7 65.Qd4+ Kb7 66.Qd5+ Kb6 67.Nf8 Qa3 68.Nd7+ Ka7 69.Qc5+  1-0

[Event "18th TCh-CRO b"]
[Site "Sibenik CRO"]
[Date "2009.09.28"]
[Round "8"]
[White "Bogut,Z"]
[Black "Bosiocic,Mari"]
[Result "1/2-1/2"]
[WhiteElo "2442"]
[BlackElo "2571"]

1.e4 g6 2.d4 Bg7 3.Nc3 d6 4.Be3 a6 5.Qd2 b5 6.h4 h5 7.f3 Nd7 8.Nh3 Bb7 9.Nf2 c5
10.d5 Ngf6 11.a4 b4 12.Ncd1 O-O 13.g4 hxg4 14.fxg4 Ne5 15.Be2 e6 16.Bg5 Re8
17.dxe6 Rxe6 18.Ne3 Qe8 19.Bxf6 Rxf6 20.Rh3 Rd8 21.g5 Re6 22.Nd5 Bxd5 23.Qxd5 Nc6
24.c3 Re5 25.Qc4 d5 26.Qxa6 c4 27.Rd1 bxc3 28.bxc3 Ra8 29.Qb5 Rb8 30.Qc5 dxe4
31.Qxc4 e3 32.Ng4 Re4 33.Qc5 Ne5 34.Nf6+ Bxf6 35.gxf6 Qxa4 36.h5 Qc2 37.Rxe3 Re8
38.hxg6 Nxg6 39.Rdd3 Qc1+ 40.Kf2 Rf4+ 41.Bf3 Rxf3+ 42.Kxf3 Qf1+ 43.Kg3 Qg1+
44.Kf3 Qf1+  1/2-1/2

[Event "IMA"]
[Site "Zdar nad Sazavou CZE"]
[Date "2009.09.29"]
[Round "5"]
[White "Vojta,T"]
[Black "Jelinek,V"]
[Result "1-0"]
[WhiteElo "2374"]
[BlackElo "2049"]

1.e4 g6 2.d4 Bg7 3.Nc3 d6 4.Be3 Nf6 5.f3 c6 6.Qd2 b5 7.h4 h5 8.Nh3 Bxh3 9.Rxh3 a6
10.O-O-O Nbd7 11.Kb1 Nb6 12.Bd3 Nfd7 13.Qf2 Qc7 14.g4 b4 15.Ne2 c5 16.c3 bxc3
17.Nxc3 Rb8 18.Bxa6 Kf8 19.Rc1 Na4 20.Nxa4 Qa5 21.Bc4 Qxa4 22.Rhh1 cxd4 23.Bxd4 Ne5
24.Bb3 Qa6 25.Rhd1 Kg8 26.Rc3 e6 27.g5 Kh7 28.Qf1 Qb7 29.Qe2 Rhc8 30.f4 Ng4
31.Bxg7 Kxg7 32.Rxd6 Rxc3 33.bxc3 Qa7 34.Qd1 Nf2 35.Qd4+ Qxd4 36.Rxd4 Nh3
37.e5 Ng1 38.Rd3 Ne2 39.Rf3 Rc8 40.Kb2 Kf8 41.Bd1 Ng1 42.Rg3  1-0

[Event "LA Open"]
[Site "Los Angeles USA"]
[Date "2009.10.11"]
[Round "4"]
[White "Peters,Ja"]
[Black "Hermansen,R"]
[Result "1-0"]
[WhiteElo "2386"]
[BlackElo "2215"]

1.e4 g6 2.d4 Bg7 3.Nc3 d6 4.Be3 a6 5.f4 b5 6.Bd3 Bb7 7.Nf3 Nd7 8.e5 c5 9.Be4 Bxe4
10.Nxe4 cxd4 11.Bxd4 dxe5 12.fxe5 Nh6 13.e6 Nf6 14.Neg5 Qd5 15.Qe2 O-O 16.exf7+ Nxf7
17.Ne6 Rfc8 18.O-O-O Bh6+ 19.Kb1 Qc4 20.Rhe1 Qxe2 21.Rxe2 Rc6 22.Bc5 Re8
23.Bb4 Rcc8 24.a3 Rc6 25.Ned4 Rc7 26.Re6 Nd5 27.Nxb5 Rd7 28.c4 Nd8 29.Ree1 axb5
30.Rxd5 Rxd5 31.cxd5 Bf8 32.d6 Nc6 33.dxe7 Bxe7 34.Bxe7 Rxe7 35.Rxe7 Nxe7
36.Nd4  1-0

[Event "LA Open"]
[Site "Los Angeles USA"]
[Date "2009.10.11"]
[Round "5"]
[White "Peters,Ja"]
[Black "Porter,Ry"]
[Result "1-0"]
[WhiteElo "2386"]
[BlackElo "2269"]

1.e4 g6 2.d4 Bg7 3.Nc3 d6 4.f4 a6 5.Nf3 b5 6.Bd3 Nd7 7.a4 b4 8.Nd5 Rb8 9.e5 Bb7
10.Ne3 c5 11.c3 bxc3 12.bxc3 cxd4 13.cxd4 dxe5 14.fxe5 Bxf3 15.gxf3 f6 16.f4 Qa5+
17.Bd2 Qb6 18.Rb1 Qxd4 19.e6 Nb6 20.Qc2 Nh6 21.a5 O-O 22.axb6 Rxb6 23.Rxb6 Qxb6
24.Ke2 f5 25.Rb1 Qd4 26.Qc7 Rd8 27.Rb3 Bf6 28.Qb6  1-0

[Event "TCh-FIN 2009-10"]
[Site "Finland FIN"]
[Date "2009.10.17"]
[Round "3"]
[White "Ristoja,T"]
[Black "Niemi,M"]
[Result "1-0"]
[WhiteElo "2205"]
[BlackElo "2238"]

1.e4 g6 2.d4 Bg7 3.Nc3 d6 4.Be3 a6 5.g3 b5 6.Bg2 Bb7 7.Nge2 Nd7 8.O-O c5
9.h3 b4 10.Na4 Qa5 11.b3 Rd8 12.a3 bxa3 13.Rxa3 cxd4 14.Bxd4 Ngf6 15.Ra1 Qc7
16.c4 e5 17.Be3 Bxe4 18.Bxe4 Nxe4 19.Nec3 Nef6 20.Nd5 Nxd5 21.Qxd5 O-O 22.Rfd1 Nf6
23.Qd2 Qc6 24.Nb6 Ne4 25.Qc2 Qb7 26.Rd5 f5 27.Rad1 Bf6 28.b4 Kg7 29.c5 Qc6
30.Qc1 g5 31.cxd6 Qxc1 32.Rxc1 Rf7 33.Rc6 f4 34.gxf4 exf4 35.Bd4 Bxd4 36.Rxd4 Nf6
37.Nc4 Nd7 38.Rxa6 Rb8 39.Na5 Kf6 40.Nc6 Rb6 41.Rxb6 Nxb6 42.h4 h6 43.hxg5+ hxg5
44.Nb8 Rf8 45.d7  1-0

[Event "TCh-FIN 2009-10"]
[Site "Finland FIN"]
[Date "2009.10.17"]
[Round "3"]
[White "Martynov,Al"]
[Black "Ristoja,J"]
[Result "1/2-1/2"]
[WhiteElo "2348"]
[BlackElo "2291"]

1.e4 g6 2.d4 Bg7 3.Nc3 d6 4.Nf3 Nf6 5.Be2 O-O 6.O-O c6 7.h3 Nbd7 8.e5 Ne8
9.Bf4 dxe5 10.dxe5 Nc7 11.Re1 Nc5 12.b4 N5e6 13.Bg3 b6 14.Bd3 Nd5 15.Nxd5 cxd5
16.Qe2 Bb7 17.Red1 Qd7 18.c4 Rfd8 19.cxd5 Bxd5 20.Be4 Qb7 21.Rxd5 Rxd5 22.Bxd5 Qxd5
23.Rd1 Qc6 24.Nd4 Nxd4 25.Rxd4 b5 26.Qd3 a6 27.Rd7 Qe6 28.Rd8+ Rxd8 29.Qxd8+ Bf8
30.Bf4 Kg7 31.Kh2 g5 32.Bxg5 Qxe5+ 33.f4 Qe6 34.a3 h6 35.Qd4+ Kh7 36.Bh4 Bg7
37.Qd3+ Qg6 38.Qe3 e6 39.Be1 Qf5 40.g4 Qc2+ 41.Kg3 Kh8  1/2-1/2

[Event "Unive Open"]
[Site "Hoogeveen NED"]
[Date "2009.10.20"]
[Round "5"]
[White "Hortensius,L"]
[Black "Sparenberg,E"]
[Result "0-1"]
[WhiteElo "2042"]
[BlackElo "2076"]

1.e4 d6 2.d4 g6 3.Nc3 Bg7 4.f4 Nd7 5.Nf3 c6 6.Be3 Ngf6 7.Qd2 Nb6 8.Bd3 Bg4
9.O-O-O Nfd7 10.e5 d5 11.Rdf1 e6 12.h3 Bxf3 13.Rxf3 h5 14.g3 Bf8 15.Rhf1 Nc4
16.Bxc4 dxc4 17.Ne4 Qc7 18.g4 hxg4 19.hxg4 O-O-O 20.Qe2 b5 21.f5 gxf5 22.gxf5 Qa5
23.Kb1 Nb6 24.Ng5 c3 25.Qe1 b4 26.b3 Nd5 27.Bc1 Rh2 28.R3f2 Rxf2 29.Rxf2 Bh6
30.Nxf7 Bxc1 31.Qxc1 Rg8 32.fxe6 Ne3 33.Nd6+ Kc7 34.e7 Qa3 35.Rf1 Nxf1 36.Qxa3 Nd2+  0-1

[Event "Unive Open"]
[Site "Hoogeveen NED"]
[Date "2009.10.20"]
[Round "5"]
[White "Hendriks,Ric"]
[Black "Hoffman,Ro"]
[Result "0-1"]
[WhiteElo "2117"]
[BlackElo "2107"]

1.e4 g6 2.d4 Bg7 3.Nc3 d6 4.f4 a6 5.a4 b6 6.Nf3 Bb7 7.Bd3 c5 8.d5 Nf6 9.O-O O-O
10.Qe1 Qc7 11.Bc4 Rd8 12.Qh4 Nbd7 13.Bd2 b5 14.axb5 axb5 15.Rxa8 Rxa8 16.Bxb5 c4
17.Bxd7 Nxd7 18.f5 Qb6+ 19.Kh1 Qxb2 20.fxg6 hxg6 21.Ng5 Nf6 22.e5 dxe5 23.Nce4 Ra1
24.Nxf6+ exf6 25.Qh7+ Kf8 26.Bb4+ Qxb4 27.Rxa1 fxg5 28.Qh3 f5 29.Qe3 f4 30.Qe4 Qd2
31.Qxc4 Qxd5 32.Qe2 Qe4 33.Qd2 Qd5 34.Qe2 Qc6 35.h3 Qc3 36.Rd1 Qxh3+ 37.Kg1 Qc8
38.Qb5 Bf6 39.Rd6 Be7 40.Rxg6 Qc5+ 41.Qxc5 Bxc5+ 42.Kf1 Be7 43.c4 g4 44.Rb6 Be4
45.Rb3 g3 46.Kg1 Bc5+ 47.Kh1 Bd6 48.c5 Bc7 49.Ra3 Ke7 50.Ra6 Bd5 51.Rh6 e4
52.Rh7+ Kd8 53.Rh5 Bc6 54.Rh6 Kd7 55.Rh7+ Kc8 56.Re7 e3  0-1

[Event "17th TCh-Eur"]
[Site "Novi Sad SRB"]
[Date "2009.10.22"]
[Round "1"]
[White "Stevic,H"]
[Black "Svidler,P"]
[Result "1/2-1/2"]
[WhiteElo "2624"]
[BlackElo "2741"]

1.e4 g6 2.d4 Bg7 3.Nc3 d6 4.Nge2 a6 5.a4 Nc6 6.Be3 Nf6 7.h3 O-O 8.g3 e5 9.Bg2 exd4
10.Nxd4 Bd7 11.O-O Re8 12.Re1 Nb4 13.Qd2 c5 14.Nb3 Bc6 15.Bf4 Nd7 16.Bxd6 Ne5
17.Bxe5 Qxd2 18.Nxd2 Bxe5 19.Rec1 b5 20.axb5 axb5 21.Rxa8 Rxa8 22.Nd1 Ra2
23.c3 Nd3 24.Rb1 Nxb2 25.Rxb2 Rxb2 26.Nxb2 Bxc3 27.Nbc4 bxc4 28.Nxc4 f6 29.f3 Bd4+
30.Kh2 Kf7 31.Bf1 f5 32.Bd3 Kf6 33.Kg2 h6  1/2-1/2

[Event "8th TCh-Eur w"]
[Site "Novi Sad SRB"]
[Date "2009.10.22"]
[Round "1"]
[White "Nikolova,A"]
[Black "Lauterbach,I"]
[Result "0-1"]
[WhiteElo "2334"]
[BlackElo "2163"]

1.e4 g6 2.d4 Bg7 3.Nc3 d6 4.Nf3 a6 5.a4 Nd7 6.Be3 e6 7.Be2 Ne7 8.Qd2 h6 9.Bc4 Nf6
10.Bb3 b6 11.h3 Bb7 12.d5 exd5 13.exd5 Nf5 14.O-O Nxe3 15.fxe3 O-O 16.e4 Nd7
17.Bc4 Ne5 18.Bd3 Nxf3+ 19.Rxf3 Qg5 20.Qxg5 hxg5 21.Rg3 Bd4+ 22.Kh1 f6 23.Rf1 Kg7
24.Nd1 Rae8 25.Rgf3 g4 26.hxg4 Bc8 27.Ne3 Bxb2 28.g5 Bd7 29.gxf6+ Rxf6 30.Rxf6 Bxf6
31.a5 Bd4 32.Rf3 bxa5 33.Kh2 a4 34.Nc4 Bb5 35.Rf1 Rf8 36.Rb1 Re8  0-1

[Event "WJun"]
[Site "Puerto Madryn ARG"]
[Date "2009.10.22"]
[Round "1"]
[White "Cori,J"]
[Black "Maldonado,Fed"]
[Result "1-0"]
[WhiteElo "2445"]
[BlackElo "2003"]

1.e4 d6 2.d4 g6 3.Nc3 Bg7 4.Be3 Nf6 5.f3 O-O 6.Qd2 e5 7.Nge2 c6 8.O-O-O Nbd7
9.g4 b5 10.h4 exd4 11.Nxd4 Ne5 12.g5 Ne8 13.f4 b4 14.Nb1 Ng4 15.h5 c5 16.hxg6 Nxe3
17.Qxe3 cxd4 18.Qf2 Qc7 19.Qh2 fxg6 20.Qxh7+ Kf7 21.f5 Bxf5 22.exf5 Rh8 23.Qxg6+ Kf8
24.Bd3 Qf7 25.f6 Qxg6 26.Bxg6 Nxf6 27.gxf6 Bxf6 28.Rxh8+ Bxh8 29.Nd2 Be5
30.Nb3 a5 31.Nxd4 Rc8 32.Nf3 Bf4+ 33.Kb1 Kg7 34.Bd3 a4 35.a3 bxa3 36.bxa3 Kf6
37.Ka2 d5 38.Rg1 Rc3 39.Rg6+ Ke7 40.Ra6  1-0

[Event "WJun"]
[Site "Puerto Madryn ARG"]
[Date "2009.10.22"]
[Round "1"]
[White "Chirila,I"]
[Black "Gryson,W"]
[Result "1-0"]
[WhiteElo "2504"]
[BlackElo "2145"]

1.e4 g6 2.d4 Bg7 3.Nc3 d6 4.f4 Nf6 5.Nf3 O-O 6.Be3 b6 7.Qd2 Bb7 8.e5 Ng4
9.O-O-O c5 10.dxc5 Nxe3 11.Qxe3 bxc5 12.h4 h5 13.Rg1 Qc8 14.g4 hxg4 15.Nh2 Nc6
16.Ne4 Nd4 17.h5 Qf5 18.Bd3 Qxh5 19.Nxg4 Rfb8 20.Rd2 Nf5 21.Qf3 c4  1-0

[Event "Chigorin Mem Open"]
[Site "St Petersburg RUS"]
[Date "2009.10.22"]
[Round "7"]
[White "Burtasova,A"]
[Black "Nuretdinov,I"]
[Result "1/2-1/2"]
[WhiteElo "2331"]
[BlackElo "2182"]

1.e4 g6 2.d4 Bg7 3.Nc3 d6 4.f4 Nf6 5.Nf3 c5 6.d5 O-O 7.a4 e6 8.dxe6 Bxe6
9.Be2 Nc6 10.O-O Kh8 11.Ng5 Nd4 12.Nxe6 fxe6 13.Be3 Qb6 14.a5 Qc6 15.Bd3 e5
16.fxe5 dxe5 17.b3 b5 18.axb6 axb6 19.Rxa8 Qxa8 20.Bg5 Nd7 21.Nd5 Rxf1+ 22.Bxf1 h6
23.Qg4 Qe8 24.c3 Ne6 25.Bd2 h5 26.Qf3 Qf8 27.Qxf8+ Nexf8 28.Bb5 Bf6 29.Nxf6 Nxf6
30.Bc6 Kg7 31.Kf2 Ne6 32.g3 Kf7 33.Ke2 Ke7 34.Kd3 Kd6 35.Bb5 Nc7 36.Bc4 Ke7
37.Bg5 b5 38.Bd5 Ne6 39.Be3 Nd7 40.Bc6 c4+ 41.bxc4 Nec5+ 42.Bxc5+ Nxc5+ 43.Ke3 bxc4
44.Bb5 g5 45.Bxc4 Nd7 46.Be2 Nf6 47.h4 gxh4 48.gxh4 Kd6 49.Kd3 Kc5 50.Bd1 Kb5
51.c4+ Ka5 52.Be2 Ka4 53.Bf1 Kb4 54.Bh3 Ng8 55.Bg2 Ne7 56.Bf3 Ng6 57.c5 Kxc5
58.Kc3  1/2-1/2

[Event "WJun"]
[Site "Puerto Madryn ARG"]
[Date "2009.10.23"]
[Round "3"]
[White "Zaslavsky,M"]
[Black "Maldonado,Fed"]
[Result "1-0"]
[WhiteElo "2392"]
[BlackElo "2003"]

1.e4 d6 2.d4 g6 3.Nc3 Bg7 4.f4 Nf6 5.Nf3 O-O 6.Bd3 c5 7.dxc5 Qa5 8.cxd6 exd6
9.O-O Bg4 10.Be3 Re8 11.h3 Bxf3 12.Qxf3 a6 13.a3 Nbd7 14.Bd4 h5 15.Rae1 Qc7
16.Kh1 Re6 17.f5 Re5 18.Qg3 Kh7 19.fxg6+ fxg6 20.Nd5 Qd8 21.Bxe5 Nxe5 22.Rf2 Nfd7
23.Ref1 h4 24.Qf4 Rc8 25.g3 Bh6 26.Qxh4 Qxh4 27.gxh4 Bg7 28.h5 Rh8  1-0

[Event "TCh-SLO East 1st League"]
[Site "Sentjur SLO"]
[Date "2009.10.23"]
[Round "2"]
[White "Zivkovic,Vj"]
[Black "Matko,M"]
[Result "1-0"]
[WhiteElo "2413"]
[BlackElo "2085"]

1.e4 g6 2.d4 Bg7 3.Nc3 d6 4.Be3 Nc6 5.Qd2 e5 6.Nge2 Nf6 7.f3 a6 8.d5 Ne7
9.O-O-O Nd7 10.g4 Ng8 11.Ng3 Ndf6 12.h4 h5 13.g5 Nd7 14.Nce2 Nb6 15.b3 Bd7
16.c4 Nc8 17.Qb2 Rh7 18.Bd2 c5 19.dxc6 Bxc6 20.Bc3 Qb6 21.Qd2 Nge7 22.Bh3 a5
23.Rhf1 Qc7 24.f4 b5 25.cxb5 Bxb5 26.f5 gxf5 27.exf5 f6 28.Kb1 d5 29.Rc1 Qb6
30.Bg2 Bc6 31.Nd4 Bd7 32.Ne6 Bxe6 33.fxe6 a4 34.Bxd5 Rb8 35.Be4 f5 36.Qd7+ Kf8
37.Rxf5+  1-0

[Event "Unive Open"]
[Site "Hoogeveen NED"]
[Date "2009.10.24"]
[Round "9"]
[White "Genova,Ly"]
[Black "Hoffman,Ro"]
[Result "1/2-1/2"]
[WhiteElo "2250"]
[BlackElo "2107"]

1.e4 g6 2.d4 Bg7 3.Nc3 d6 4.f4 a6 5.Nf3 b5 6.Bd3 Nd7 7.e5 Bb7 8.Qe2 Nh6 9.Ne4 O-O
10.e6 Nf6 11.Neg5 Bd5 12.exf7+ Nxf7 13.Ne6 Bxe6 14.Qxe6 Kh8 15.O-O Qd7 16.Qxd7 Nxd7
17.Re1 e5 18.f5 gxf5 19.Bxf5 Nb6 20.c3 Rae8  1/2-1/2

[Event "WJun"]
[Site "Puerto Madryn ARG"]
[Date "2009.10.24"]
[Round "4"]
[White "Lovik,L"]
[Black "Gryson,W"]
[Result "0-1"]
[WhiteElo "2320"]
[BlackElo "2145"]

1.e4 g6 2.d4 Bg7 3.Nc3 d6 4.Be2 a6 5.a4 Nc6 6.Be3 Nf6 7.f4 e5 8.fxe5 dxe5
9.d5 Nd4 10.Bxd4 exd4 11.Qxd4 O-O 12.Qd3 Re8 13.O-O-O b5 14.Bf3 Nd7 15.Nge2 Ne5
16.Qe3 b4 17.Na2 Nc4 18.Qb3 Nxb2 19.Rd4 c5 20.Qxb2 cxd4 21.Qxb4 Bd7 22.Kd1 Rb8
23.Qc4 Qa5 24.Nxd4 Rb1+ 25.Nc1 Rb4 26.Nc6 Bxc6 27.Qxc6  0-1

[Event "Chigorin Mem Open"]
[Site "St Petersburg RUS"]
[Date "2009.10.24"]
[Round "9"]
[White "Markevich,I"]
[Black "Tolkachiov,V"]
[Result "1-0"]
[WhiteElo "2157"]
[BlackElo "2013"]

1.e4 d6 2.d4 g6 3.Nc3 Bg7 4.Nf3 Nd7 5.Be2 c5 6.O-O cxd4 7.Nxd4 Ngf6 8.Nb3 O-O
9.Bg5 b6 10.f4 Nc5 11.Nxc5 bxc5 12.e5 Ne8 13.Nd5 f6 14.exf6 exf6 15.Bh4 Rb8
16.Bc4 Kh8 17.Rb1 Qa5 18.Ne7 Bd7 19.f5 Qd8 20.Qe2 Rb4 21.b3 Nc7 22.fxg6 d5
23.Qh5 h6 24.Nxd5 Nxd5 25.Qxd5 Bb5 26.Qxd8 Rxd8 27.Rfd1 Rxd1+ 28.Rxd1 Bxc4
29.bxc4 Rb8 30.Bg3 Re8 31.h4 f5 32.Rd5 Bd4+ 33.Kh2 Kg7 34.h5 Kf6 35.Bh4+ Ke6
36.Rd8 Rxd8 37.Bxd8 a6 38.Bc7 Be3 39.Kg3 Bd4 40.Bf4 Bg7 41.Kf3 Bf8 42.Bd2 Bg7
43.Ke3 Bf6 44.Kd3 Bg5 45.Be3  1-0

[Event "17th TCh-Eur"]
[Site "Novi Sad SRB"]
[Date "2009.10.25"]
[Round "4"]
[White "Jeitz,C"]
[Black "Cekro,E"]
[Result "0-1"]
[WhiteElo "2253"]
[BlackElo "2380"]

1.e4 g6 2.d4 d6 3.Nc3 Bg7 4.Be3 c6 5.Qd2 Nd7 6.Nf3 e5 7.Bd3 Qe7 8.O-O Ngf6
9.Bh6 O-O 10.Bxg7 Kxg7 11.Rfe1 Re8 12.Bf1 Nf8 13.h3 b5 14.dxe5 dxe5 15.Rad1 Bb7
16.Qd6 N8d7 17.a4 b4 18.Na2 a5 19.b3 Qxd6 20.Rxd6 Nc5 21.Nd2 Re7 22.Nc4 Ncxe4
23.Rdd1 Ba6 24.Nxa5 Bxf1 25.Nxc6 Rc7 26.Naxb4 Ba6 27.Nxe5 Nc3 28.Rd6 Bb7
29.Nc4 Nxa4 30.Nb6 Nxb6 31.Rxb6 Rd8 32.Ra1 Bc8 33.c4 Rd2 34.Re1 Bb7 35.Ra1 Re7
36.c5 Bc8 37.Ra2 Rd1+ 38.Kh2 Ree1 39.g3 Rh1+ 40.Kg2 Bxh3+ 41.Kf3 Rde1  0-1

[Event "TCh-SLO East 1st League"]
[Site "Sentjur SLO"]
[Date "2009.10.25"]
[Round "4"]
[White "Supancic,R"]
[Black "Matko,M"]
[Result "1-0"]
[WhiteElo "2210"]
[BlackElo "2085"]

1.e4 g6 2.d4 Bg7 3.Nc3 d6 4.g3 Nf6 5.h3 O-O 6.Bg2 e5 7.Nge2 Nc6 8.Be3 Nd7
9.Qd2 exd4 10.Nxd4 Nde5 11.b3 Nxd4 12.Bxd4 f6 13.O-O-O a5 14.a4 Bd7 15.f4 Nc6
16.Be3 Kh8 17.Bf1 Nb4 18.g4 f5 19.gxf5 gxf5 20.Bd4 Bc6 21.Rg1 Bxd4 22.Qxd4+ Qf6
23.e5 dxe5 24.fxe5 Qh6+ 25.Kb2 Be8 26.e6+ Qf6 27.e7 Rf7 28.Qxf6+ Rxf6 29.Rd8  1-0

[Event "WJun"]
[Site "Puerto Madryn ARG"]
[Date "2009.10.26"]
[Round "6"]
[White "Cori,J"]
[Black "Gryson,W"]
[Result "1-0"]
[WhiteElo "2445"]
[BlackElo "2145"]

1.e4 g6 2.d4 Bg7 3.Nc3 d6 4.Be3 a6 5.Qd2 Nd7 6.Nf3 b5 7.Bd3 Bb7 8.O-O c5
9.a4 b4 10.Ne2 Ngf6 11.Ng3 O-O 12.Bh6 Rc8 13.c3 bxc3 14.bxc3 Qa5 15.Bxg7 Kxg7
16.d5 c4 17.Bc2 Nc5 18.Rab1 Rc7 19.Rb4 Bc8 20.Qd4 Bd7 21.Nd2 e5 22.dxe6 Nxe6
23.Qxd6 Rd8 24.Nxc4 Rxc4 25.Rxc4 Bb5 26.Qe5 Rd5 27.exd5 Bxc4 28.Ne4  1-0

[Event "WJun"]
[Site "Puerto Madryn ARG"]
[Date "2009.10.26"]
[Round "6"]
[White "Potapov,P"]
[Black "Maldonado,Fed"]
[Result "1-0"]
[WhiteElo "2429"]
[BlackElo "2003"]

1.e4 d6 2.d4 g6 3.Nc3 Bg7 4.Be3 Nf6 5.Qd2 O-O 6.Nf3 c6 7.Bd3 Nbd7 8.h3 b5
9.O-O e5 10.dxe5 dxe5 11.Ne2 Bb7 12.Ng3 a6 13.a4 Qe7 14.c4 b4 15.c5 a5 16.Qc2 Rfd8
17.Rfd1 Nf8 18.Bc4 h6 19.Qb3 Rxd1+ 20.Rxd1 Ba6 21.Rd6 Bxc4 22.Qxc4 Rc8 23.Qa6 Qc7
24.Nd2 Ne8 25.Rd3 f5 26.exf5 e4 27.Ndxe4 Bxb2 28.Bf4 Qxf4 29.Qxc8 Nc7 30.Rd6 Bg7
31.Rxg6 Nd5 32.Rxg7+  1-0

[Event "Open"]
[Site "Liberec CZE"]
[Date "2009.10.27"]
[Round "4"]
[White "Paldus,P"]
[Black "Latas,B"]
[Result "1/2-1/2"]
[WhiteElo "2025"]
[BlackElo "2293"]

1.e4 g6 2.d4 Bg7 3.Nc3 d6 4.Nf3 Nf6 5.Bd3 O-O 6.O-O Nc6 7.d5 Nb4 8.Be2 c5
9.a3 Na6 10.h3 Nc7 11.Be3 b5 12.Nxb5 Nxb5 13.Bxb5 Nxe4 14.Bd3 Nf6 15.c4 Rb8
16.b4 cxb4 17.axb4 Rxb4 18.Rxa7 Rb7 19.Ra8  1/2-1/2

[Event "17th TCh-Eur"]
[Site "Novi Sad SRB"]
[Date "2009.10.29"]
[Round "8"]
[White "Roganovic,Milo"]
[Black "Pancevski,F"]
[Result "0-1"]
[WhiteElo "2474"]
[BlackElo "2432"]

1.e4 d6 2.d4 g6 3.Nc3 Bg7 4.Bg5 c6 5.Qd2 h6 6.Be3 Nd7 7.O-O-O Qc7 8.f4 b5
9.e5 Nb6 10.Ne4 Bf5 11.Ng3 e6 12.Nxf5 gxf5 13.Nf3 Ne7 14.h3 h5 15.Bf2 Ng6
16.Kb1 Bh6 17.g3 Rb8 18.exd6 Qxd6 19.Ne5 Nxe5 20.dxe5 Qxd2 21.Rxd2 h4 22.Bg2 Rc8
23.a4 hxg3 24.Bxg3 Rg8 25.Bh2 a6 26.axb5 axb5 27.Rhd1 Nd5 28.Bf3 Ke7 29.Rd4 Ra8
30.Re1 Ra6 31.c4 bxc4 32.Rxc4 Rga8 33.Kc2 Ra4 34.Rxc6 Nb4+ 35.Kb3 Nxc6 36.Bxc6 Ra1
37.Bg3 Rb8+ 38.Kc2 Rxe1 39.Bxe1 Bxf4 40.Bc3 Bxe5  0-1

[Event "WJun"]
[Site "Puerto Madryn ARG"]
[Date "2009.10.29"]
[Round "8"]
[White "Ondrus,M"]
[Black "Gryson,W"]
[Result "1/2-1/2"]
[WhiteElo "2304"]
[BlackElo "2145"]

1.e4 g6 2.d4 Bg7 3.Nc3 d6 4.Be3 a6 5.Qd2 Nd7 6.h4 h5 7.f3 b5 8.O-O-O Bb7
9.Nh3 Ngf6 10.Ng5 O-O 11.g3 c5 12.Be2 Qc7 13.dxc5 dxc5 14.Bf4 e5 15.Be3 Nb6
16.Qd6 Qxd6 17.Rxd6 Nc8 18.Rd2 c4 19.Rhd1 Re8 20.Kb1 Bf8  1/2-1/2

[Event "WJun"]
[Site "Puerto Madryn ARG"]
[Date "2009.10.29"]
[Round "8"]
[White "Decuadro,S"]
[Black "Aguinaga,M"]
[Result "1/2-1/2"]
[WhiteElo "2034"]
[BlackElo "2009"]

1.e4 d6 2.d4 g6 3.Nc3 Bg7 4.g3 Nd7 5.Bg2 e5 6.Nge2 Ne7 7.O-O O-O 8.Be3 c6
9.a4 f5 10.f4 Nf6 11.fxe5 dxe5 12.dxe5 Ng4 13.Bg5 Qb6+ 14.Qd4 Qxd4+ 15.Nxd4 Bxe5
16.Nf3 Bd6 17.h3 Bc5+ 18.Kh1 Ne3 19.Bxe3 Bxe3 20.e5 Be6 21.Rad1 Rad8 22.Rd6 Bd5
23.Nxd5 Nxd5 24.c4 Nb6 25.b3 Rxd6 26.exd6 Rd8 27.Rd1 a5 28.Re1 Bc5 29.Re5 Bxd6
30.Rxa5 Bxg3 31.Bf1 Kf8 32.Kg2 Bf4 33.Ra7 Rd7 34.a5 Nc8 35.Ra8 Rd8 36.a6 bxa6
37.c5 Ke8 38.Rxa6 Ne7 39.Bc4 Be3 40.b4 Rb8 41.Be6 Kd8 42.Ne5 Kc7 43.Nc4 Bf4
44.Kf3 g5 45.Na5 Be5 46.Ra7+ Kd8 47.Bxf5 Rxb4 48.Rd7+ Ke8 49.Rxe7+ Kxe7 50.Nxc6+ Kf6
51.Nxb4 Kxf5 52.c6 Ke6 53.Kg4 Kd6 54.Kxg5 Bg3 55.Kh6 Be1 56.Nd3 Bd2+ 57.Kxh7 Kxc6
58.h4 Kd6 59.Kg6 Ke7 60.h5 Kf8 61.Nf2 Kg8 62.Ne4 Bc1 63.Ng5 Bxg5  1/2-1/2

[Event "WJun"]
[Site "Puerto Madryn ARG"]
[Date "2009.10.31"]
[Round "10"]
[White "Dole,A"]
[Black "Aguinaga,M"]
[Result "1/2-1/2"]
[WhiteElo "2068"]
[BlackElo "2009"]

1.e4 d6 2.d4 g6 3.Nc3 Bg7 4.Nf3 Nd7 5.Bc4 e5 6.Bxf7+ Kxf7 7.Ng5+ Ke8 8.Ne6 Qf6
9.Nd5 Qh4 10.Ndxc7+ Kf7 11.Ng5+ Ke7 12.dxe5 Nxe5 13.Nb5 Nf7 14.Qd5 Ngh6 15.Nxf7 Nxf7
16.Nxd6 Qf6 17.Nxf7 Qxf7 18.Bg5+ Kf8 19.Qc5+ Kg8 20.O-O h6 21.Be3 Be6 22.c3 b6
23.Qd6 Kh7 24.a4 Rhd8 25.Qg3 Bb3 26.f4 Rd3 27.a5 b5 28.f5 Re8 29.fxg6+ Qxg6
30.Qxg6+ Kxg6 31.Bxa7 Rxe4 32.Bc5 Re2 33.Rf2 Rdd2 34.Rxe2 Rxe2 35.a6 Bd5
36.g3 Rg2+ 37.Kf1 Rxb2 38.a7 Bxc3 39.a8=Q Bxa8 40.Rxa8 Rxh2 41.Ra6+ Kf5 42.Rb6 Ke4
43.Rxb5 Rh5 44.Rb6 Rxc5 45.Rxh6 Kf3 46.Kg1 Kxg3 47.Rd6  1/2-1/2

[Event "WJun"]
[Site "Puerto Madryn ARG"]
[Date "2009.10.31"]
[Round "10"]
[White "Gallego Alcaraz,A"]
[Black "Gryson,W"]
[Result "1-0"]
[WhiteElo "2404"]
[BlackElo "2145"]

1.e4 g6 2.d4 Bg7 3.Nc3 d6 4.Be3 a6 5.Qd2 Nd7 6.Nf3 b5 7.Bd3 Bb7 8.a4 b4 9.Ne2 Ngf6
10.Ng3 c5 11.h3 O-O 12.c3 bxc3 13.bxc3 Qa5 14.O-O Rab8 15.Rfc1 cxd4 16.cxd4 Qxd2
17.Nxd2 h5 18.f3 Rfc8 19.Ne2 Nf8 20.Rcb1 Rd8 21.a5 N6d7 22.Ra3 Bc8 23.Rab3 Rxb3
24.Rxb3 e5 25.d5 Nc5 26.Bxc5 dxc5 27.Rb8 Bf6 28.Nc4 Nd7 29.Ra8 Be7 30.Ra7 Kf8
31.Nc3 Nb8 32.Kf1 Bd7 33.Nxe5 Bf6 34.Nxd7+ Nxd7 35.Na4 Bd4 36.Bxa6 f5 37.Rc7 fxe4
38.fxe4 Kg8 39.Rc8  1-0